Wings of Fire: Dragonet Prophecy: All Characters - Statistics

General Stats
  • This quiz has been taken 72 times
  • The average score is 26 of 29
Answer Stats
Hint Answer % Correct
Prophecy Dragonet Clay
100%
Prophecy Dragonet Glory
100%
Prophecy Dragonet Starflight
100%
Prophecy Dragonet Sunny
100%
Prophecy Dragonet Tsunami
100%
Guardian Webs
100%
Guardian Dune
98%
Guardian Kestrel
98%
SandWing Heir Blister
96%
SandWing Heir Burn
96%
SandWing Heir Blaze
94%
Firescales SkyWing Peril
94%
SkyWing Queen Scarlet
94%
(Dead) Guardian Asha
93%
SandWing Former Queen Oasis
93%
IceWing Clay Fought Fjord
91%
SeaWing Tsunami Fought Gill
91%
Clay’s (Dead) Sibling Crane
89%
Clay’s Sibling Sora
89%
Clay’s Sibling Umber
87%
NightWing (Prophecy Creator) Morrowseer
85%
Clay’s Sibling Reed
85%
SandWing Firescales SkyWing Fought Horizon
83%
(Dead) Guardian Hvitur
81%
Clay’s Sibling Marsh
81%
Firescales SkyWing’s Friend Osprey
78%
Clay’s Mother Cattail
76%
SkyWing Queen’s Son Vermilion
72%
Clay’s Sibling Pheasant
41%
No matching quizzes found
Score Distribution
Percent of People with Each Score
Percentile by Number Answered
Your Score History
You have not taken this quiz